| 000 | 00472nam a2200157 i 4500 | ||
|---|---|---|---|
| 001 | 20584 | ||
| 003 | ES-MaACL | ||
| 007 | t| | ||
| 008 | 021114s1892 sp ||||1| spa d | ||
| 100 | 1 |
_aAcevedo Rivero, Romualdo, _d1847-1902 _918250 |
|
| 245 | 1 | 0 |
_aMiscelánea literaria _b: (Colección de artículos) / _cpor Romualdo Acevedo Rivero. |
| 260 |
_aLugo : _bJuan A. Menéndez, _c1892. |
||
| 300 |
_a145 p. ; _c21 cm. |
||
| 852 |
_aES-MaACL _jG-2586 |
||
| 999 |
_c20584 _d20584 |
||